| 000 | 00445nam a22001577a 4500 | ||
|---|---|---|---|
| 003 | macl | ||
| 005 | 20240310161609.0 | ||
| 008 | 240310b |||||||| |||| 00| 0 eng d | ||
| 040 | _cmacl | ||
| 082 | _a080 | ||
| 100 |
_aरॉबट,ग्रीन _982327 |
||
| 245 | _aयुद्ध की 33 रणनीतियाँँ | ||
| 260 |
_aDelhi _bviva book _c2021 |
||
| 650 |
_aसामान्य वर्ग _936 |
||
| 942 |
_2ddc _cHIN |
||
| 999 |
_c66796 _d66796 |
||